00446nam a2200145 i 450000100060000000300090000600500170001500700030003200800410003510000210007624500850009726000580018230000290024085200310026987522ES-MaACL20230906175703.0t|041222s1958 sp ||||1| cat d1 aKucera, Enrique.13aUn principat en el cor del Pirineu b: les Valls d'Andorra / cpor Enric Kucera. aBarcelona : bEnrique Kucera, c[1958] (fS.A.D.A.G.) a63 p. : bil. ; c14 cm. aES-MaACLjD-8377 bR.42387